Volleyball Olympia Sieger Männer - Statistiken

Allgemein
  • Dieses Quiz wurde 51 mal gespielt
  • Das Durchschnittsergebnis liegt bei 12 aus 15
Antwortstatistiken
Hint Antwort % Korrekt
2008 Beijing Vereinigte Staaten
95%
1988 Soeul Vereinigte Staaten
95%
1984 Los Angeles Vereinigte Staaten
95%
2016 Rio Brasilien
93%
2004 Athen Brasilien
93%
1992 Barcelona Brasilien
93%
2024 Paris Frankreich
91%
2020 Tokyo Frankreich
91%
1976 Montreal Polen
84%
2012 London Russland
82%
1980 Moskau Sowjet Union
59%
1972 Mexiko City Sowjet Union
59%
1968 Tokio Sowjet Union
59%
1996 Atlanta Niederlande
45%
2000 Sydney Jugoslawien
43%
Keine übereinstimmenden Quizze gefunden
Verteilung der Resultate
Anzahl Personen mit jedem Resultat
Perzentil nach korrekt beantworteten Fragen
Ihre Resultats-Entwicklung
Sie haben dieses Quiz noch nicht gespielt